000 00493nam a2200145Ia 4500
008 170221s9999 xx 000 0 und d
100 _aXiang Gao
245 _aEfficient Carrier Acquisition and Tracking for High Dynamic and Weak Satellite Signals
245 _cXiang Gao, Yong Li, and Jianrong Bao
260 _bJournal of Communications
260 _c2012
650 _xCommunication
650 _xMedia Arts
856 _uhttp://www.jocm.us/index.php?m=content&c=index&a=lists&catid=164
999 _c310596
_d310596